| 000 | nam a22 7a 4500 | ||
|---|---|---|---|
| 999 |
_c127652 _d127652 |
||
| 008 | 180315b xxu||||| |||| 00| 0 eng d | ||
| 050 | _aPN3353.L48 | ||
| 100 |
_aBooth, Wayne C. _940648 |
||
| 245 |
_aRobert Liddell on the Novel with an introduction _c/by Wayne C. Booth |
||
| 260 |
_aChicago: _bUniversity of Chicago Press, _c1969 |
||
| 300 |
_axx, 312p.; _c21cm. |
||
| 650 |
_aFiction _911426 |
||
| 700 |
_aLiddel, Robert _eed. _940649 |
||
| 942 |
_2lcc _cMONOGRAPH |
||